Top 50 MLB Players for 2026 - Statistics

General Stats
  • This quiz has been taken 293 times
  • The average score is 39 of 50
Answer Stats
# Team Position Answer % Correct
2 Yankees OF Aaron Judge
99%
3 Royals SS Bobby Witt Jr
99%
1 Dodgers SP / DH Shohei Ohtani
99%
5 Tigers SP Tarik Skubal
98%
6 Pirates SP Paul Skenes
97%
4 Mets OF Juan Soto
96%
8 Guardians 3B Jose Ramirez
94%
12 Padres OF Fernando Tatis Jr
93%
14 Mets SS Francisco Lindor
93%
16 Braves OF Ronald Acuna Jr
92%
17 Blue Jays 1B Vladimir Guerrero Jr
91%
11 Mariners C Cal Raleigh
90%
7 Diamondbacks OF Corbin Carroll
90%
13 Diamondbacks 2B Ketel Marte
90%
10 Rangers SS Corey Seager
89%
21 Orioles SS Gunnar Henderson
87%
22 Phillies DH Kyle Schwarber
87%
24 Dodgers C Will Smith
87%
41 Phillies 1B Bryce Harper
86%
15 Athletics 1B Nick Kurtz
86%
23 Phillies SS Trea Turner
86%
20 Twins OF Byron Buxton
85%
33 Mets 1B Pete Alonso
85%
18 Astros DH Yordan Alvarez
85%
26 Mariners OF Julio Rodriguez
84%
19 Red Sox SP Garrett Crochet
83%
27 Phillies SP Zack Wheeler
83%
9 Free Agent OF Kyle Tucker
82%
30 Dodgers SP Yoshinobu Yamamoto
80%
29 Braves 1B Matt Olson
77%
31 Dodgers SP Blake Snell
74%
42 Reds SS Elly De La Cruz
74%
37 Giants 3B Matt Chapman
72%
34 Giants DH Rafael Devers
71%
46 Mariners SP Bryan Woo
69%
32 Blue Jays OF George Springer
69%
28 Free Agent 3B Alex Bregman
68%
35 Braves SP Chris Sale
68%
49 Blue Jays C Alejandro Kirk
65%
39 Nationals OF James Wood
62%
45 Yankees 2B Jazz Chisholm
61%
44 Giants SP Logan Webb
61%
48 Cubs OF Pete Crow-Armstrong
61%
25 Phillies SP Cristopher Sanchez
60%
47 Reds SP Hunter Greene
60%
40 Diamondbacks SS Geraldo Perdomo
58%
38 Royals SP Cole Ragans
51%
43 Marlins OF Kyle Stowers
50%
36 Red Sox OF Roman Anthony
50%
50 Rangers OF Wyatt Langford
47%
No matching quizzes found
Score Distribution
Percent of People with Each Score
Percentile by Number Answered
Your Score History
You have not taken this quiz